<?xml version="1.0" encoding="UTF-8"?>
<record
    xmlns:xsi="http://www.w3.org/2001/XMLSchema-instance"
    xsi:schemaLocation="http://www.loc.gov/MARC21/slim http://www.loc.gov/standards/marcxml/schema/MARC21slim.xsd"
    xmlns="http://www.loc.gov/MARC21/slim">

  <leader>00651nam a2200205 i 4500</leader>
  <controlfield tag="001">74478</controlfield>
  <controlfield tag="003">ES-MaACL</controlfield>
  <controlfield tag="005">20230906172140.0</controlfield>
  <controlfield tag="007">t|</controlfield>
  <controlfield tag="008">040920s1954    sp acf       |||| |bspa d</controlfield>
  <datafield tag="080" ind1=" " ind2=" ">
    <subfield code="a">929Mill&#xE1;n Astray, Jos&#xE9;</subfield>
  </datafield>
  <datafield tag="100" ind1="1" ind2=" ">
    <subfield code="a">Gonz&#xE1;lez Iglesias, Manuel.</subfield>
    <subfield code="9">58731</subfield>
  </datafield>
  <datafield tag="245" ind1="1" ind2="1">
    <subfield code="a">&#xA1;Ha muerto Mill&#xE1;n Astray! / </subfield>
    <subfield code="c">por Manuel Gonz&#xE1;lez Iglesias y Jos&#xE9; Arias Alonso.</subfield>
  </datafield>
  <datafield tag="260" ind1=" " ind2=" ">
    <subfield code="a">Madrid : </subfield>
    <subfield code="b">[s.n., </subfield>
    <subfield code="c">1954] (</subfield>
    <subfield code="f">Imp. Aro)</subfield>
  </datafield>
  <datafield tag="300" ind1=" " ind2=" ">
    <subfield code="a">177 p., 4 l&#xE1;m. ; </subfield>
    <subfield code="c">17 cm.</subfield>
  </datafield>
  <datafield tag="600" ind1="1" ind2="4">
    <subfield code="a">Mill&#xE1;n-Astray, Jos&#xE9;,</subfield>
    <subfield code="d">1879-1954</subfield>
    <subfield code="9">81140</subfield>
  </datafield>
  <datafield tag="700" ind1="1" ind2=" ">
    <subfield code="a">Arias Alonso, Jos&#xE9;.</subfield>
    <subfield code="9">22760</subfield>
  </datafield>
  <datafield tag="852" ind1=" " ind2=" ">
    <subfield code="a">ES-MaACL</subfield>
    <subfield code="j">C-7975</subfield>
  </datafield>
  <datafield tag="999" ind1=" " ind2=" ">
    <subfield code="c">74478</subfield>
    <subfield code="d">74478</subfield>
  </datafield>
  <datafield tag="952" ind1=" " ind2=" ">
    <subfield code="0">0</subfield>
    <subfield code="1">0</subfield>
    <subfield code="4">0</subfield>
    <subfield code="7">0</subfield>
    <subfield code="a">ATENEOM</subfield>
    <subfield code="b">ATENEOM</subfield>
    <subfield code="c">SPAL</subfield>
    <subfield code="d">2008-01-17</subfield>
    <subfield code="e">SC</subfield>
    <subfield code="l">0</subfield>
    <subfield code="o">C-7975</subfield>
    <subfield code="p">1077963</subfield>
    <subfield code="r">2023-02-23 00:00:00</subfield>
    <subfield code="w">2023-02-23</subfield>
    <subfield code="y">MONOGRAFIA</subfield>
  </datafield>
</record>
